| 000 | 00830nam a2200181 a 4500 | ||
|---|---|---|---|
| 008 | 120416s1984 ||||||||||||||||| || u | ||
| 020 | _a0865316074 | ||
| 050 | _aUA 855 Afr | ||
| 100 | _aArlinghaws, Bruce E | ||
| 245 | 1 | 0 |
_aAfrican security issues: sovereignity, stability and solidality _cedited by Bruce E. Arlinghaws |
| 260 |
_aBoulder, Col. _bWestview P _c1984 |
||
| 300 | _aix, 229p : ill | ||
| 350 | _a0.00 | ||
| 650 | 0 | _aAFRICA--STRATEGIC--ASPECTS--CONGRESS | |
| 650 | _aNATIONAL SECURITY--CONGRESSES | ||
| 995 |
_aANNEX COLLECTION (Main Library) _D0.00 _e709334 _FCBU-MAIN LIBRARY (Kitwe) _H1 _I28.50 _jUA 855 Afr _M1 _UAVAILABLE _y015995 _ZAnnex Low-Usage Collection |
||
| 995 |
_aANNEX COLLECTION (Main Library) _D0.00 _e709333 _FCBU-MAIN LIBRARY (Kitwe) _H2 _I28.50 _jUA 855 Afr _M2 _UAVAILABLE _y017219 _ZAnnex Low-Usage Collection |
||
| 999 |
_c83810 _d83810 |
||